| 000 | 01296nam0a2200337 4500 | ||
|---|---|---|---|
| 001 | RU\NLR\BIBL_A\022460127 | ||
| 005 | 20250305110111.0 | ||
| 010 |
_a978-5-00222-653-5 _9150 |
||
| 021 |
_aRU _bКН-П-24-082692 _9КН-П-24-8240 |
||
| 035 | _a(NLR Aleph) 022460127 | ||
| 090 |
_a13363423 _c13363423 |
||
| 100 | _a20250217d2024 k y0rusy50 ca | ||
| 101 | 0 | _arus | |
| 102 | _aRU | ||
| 105 | _ac z 000yb | ||
| 181 | 0 |
_ai _baxxe |
|
| 182 | 0 | _an | |
| 200 | 1 |
_aЧайковский. Истина русского гения _fавт.-сост.: Е. Тростин |
|
| 203 |
_aТекст _bвизуальный _cнепосредственный |
||
| 210 |
_aМосква _cРодина _d2024 |
||
| 215 |
_a235 с. _cпортр. _d22 |
||
| 225 | 1 | _aПокорившие мир | |
| 333 | _a16+ | ||
| 600 | 1 |
_aЧайковский _bП. И. _gПетр Ильич _f1840 - 1893 _2nlr_sh1 _2nlr_sh2 _3RU\NLR\AUTH\66373114 |
|
| 686 | 1 | _aЩ313(2Р=Рус)51-81Чайковский | |
| 702 | 1 |
_aТростин _bЕ. А. _gЕвгений Александрович _4220 |
|
| 702 | 1 |
_aЧайковский _bП. И. _f1840-1893 _gПетр Ильич _3RU\NLR\AUTH\7710326 _4280 |
|
| 942 | _cBOOK | ||
| 980 | _aNB | ||